000
00332nam a22001457a 4500
020
_a
978-626-96747-5-6
050
_a
078
060
_a
078
082
_a
078
100
_a
呂毓卿
245
_a
我們的文學夢 13
_h
文學
250
_a
初版
260
_a
臺北市
_b
上海商銀文教基金會
_c
2025.05
942
_2
ccl
_c
BOOK
999
_c
7638
_d
7638